L'Autèntic termalisme a quatre passes de Barcelona = El Auténtico termalismo a dos pasos de Barcelona = Real spa resorts just a stone's throw from Barcelona ...
Descripción Física:
71 p. : il. col. ; 21 x 21 cm
MARC
| LEADER | 00000nam a2200000Ia 4500 | ||
|---|---|---|---|
| 001 | 15527 | ||
| 008 | 160829s2001 xx 000 0 cat d | ||
| 080 | |a C-2-313 | ||
| 245 | |a L'Autèntic termalisme a quatre passes de Barcelona = El Auténtico termalismo a dos pasos de Barcelona = Real spa resorts just a stone's throw from Barcelona ... | ||
| 250 | |a Ed. no venal | ||
| 260 | |a [Barcelona] : |b Agència de Promoció Turística, Diputació de Barcelona, |c 2001 | ||
| 300 | |a 71 p. : |b il. col. ; |c 21 x 21 cm | ||
| 590 | |a A la portada: Barcelona, Termalisme Total ; Turisme Total. | ||
| 590 | |a Text multilingüe | ||
| 650 | 0 | |a Balnearis |z Barcelona (Província) |v Guies |9 21916 | |
| 710 | 1 | |a Barcelona (Catalunya : Província). |b Agència de Promoció Turística |9 51387 | |
| 901 | |a Arxiu | ||
| 942 | |n 1 | ||
| 952 | |0 0 |1 0 |4 0 |6 C2313 |7 1 |9 41931 |a Arxiu |b Arxiu |d 2016-12-01 |l 0 |o C-2-313 |p 15527 |r 2016-12-01 00:00:00 |w 2016-12-01 |y ARXIU | ||
| 999 | |c 44378 |d 44378 | ||